Central Library OPAC University of Rajshahi

A primer of spoken English / (Record no. 50362)

MARC details
000 -LEADER
fixed length control field 00797nam a2200277 a 4500
001 - CONTROL NUMBER
control field 50362
003 - CONTROL NUMBER IDENTIFIER
rucl marc code BD-RjUL
005 - DATE AND TIME OF LATEST TRANSACTION
control field 20211209075510.0
008 - FIXED-LENGTH DATA ELEMENTS--GENERAL INFORMATION
fixed length control field 160824s1890 enk o 000 0 eng d
035 ## - SYSTEM CONTROL NUMBER
System control number (BD-RjUL)50482
040 ## - CATALOGING SOURCE
Original cataloging agency OCLCE
Language of cataloging eng
Transcribing agency OCLCE
Modifying agency BD-RjUL
041 1# - LANGUAGE CODE
Language code of text/sound track or separate title eng
Language code of original ger
082 ## - DEWEY DECIMAL CLASSIFICATION NUMBER
Edition number 23
Classification number 421.5
Author mark and year STP 1890
084 ## - OTHER CLASSIFICATION NUMBER
Classification number HF 210
Number source rvk
100 10 - MAIN ENTRY--PERSONAL NAME
Personal name Sweet, Henry
9 (RLIN) 150915
245 12 - TITLE STATEMENT
Title A primer of spoken English /
Statement of responsibility, etc. Henry Sweet
250 ## - EDITION STATEMENT
Edition statement 4th ed., rev.
260 ## - PUBLICATION, DISTRIBUTION, ETC. (IMPRINT)
Place of publication, distribution, etc. Oxford :
Name of publisher, distributor, etc. Clarendon Press,
Date of publication, distribution, etc. 1890
300 ## - PHYSICAL DESCRIPTION
Pagination xii, 97 p. ;
Size 17 cm.
650 #0 - SUBJECT ADDED ENTRY--TOPICAL TERM
Topical term or geographic name as entry element English language
General subdivision Grammar.
9 (RLIN) 150917
Topical term or geographic name as entry element English language
General subdivision Pronunciation.
9 (RLIN) 117012
856 40 - ELECTRONIC LOCATION AND ACCESS
Materials specified Clarendon Press series
942 ## - ADDED ENTRY ELEMENTS (KOHA)
Source of classification or shelving scheme Dewey Decimal Classification
Koha item type Books
Holdings
Lost status Source of classification or shelving scheme Damaged status Not for loan Collection code Permanent Location Current Location Shelving location Date acquired Source of acquisition Cost, normal purchase price Total Checkouts Full call number Date last seen Copy number Koha item type
  Dewey Decimal Classification     Non-fiction Central Library, University of Rajshahi Central Library, University of Rajshahi   18/11/1957 Oxford university press 4.14   421.5 STP 1890 24/08/2016 C-2 Books